| 000 | 00886cam a2200277 i 4500 | ||
|---|---|---|---|
| 001 | 33723 | ||
| 005 | 20230410103649.0 | ||
| 008 | 780118s1977 nyu b 001 0 eng | ||
| 035 | _9(DLC) 77077314 | ||
| 035 | _a1305232 | ||
| 010 | _a 77077314 | ||
| 020 |
_a0312731752 : _c$19.95 |
||
| 040 |
_aDLC _cDLC _dDLC |
||
| 043 | _aew----- | ||
| 050 | 1 | 4 |
_a300 JN 94 _bS678 1977 |
| 082 | 0 | 0 | _a329/.02/094 |
| 245 | 0 | 0 |
_aSocial democratic parties in Western Europe / _cedited by William E. Paterson and Alastair H. Thomas. |
| 260 |
_aNew York : _bSt. Martin's Press, _c1977. |
||
| 300 |
_a444 p. ; _c23 cm. |
||
| 504 | _aIncludes bibliographies and index. | ||
| 650 | 0 |
_aPolitical parties _zEurope _xAddresses, essays, lectures. |
|
| 650 | 0 |
_aSocialist parties _xAddresses, essays, lectures. |
|
| 700 | 1 | _aPaterson, William E. | |
| 700 | 1 | _aThomas, Alastair H. | |
| 942 |
_2lcc _cbk |
||
| 999 |
_c23500 _d23500 |
||